Birth of hegemony : crisis, financial revolution, and emerging global networks /

Bibliographic Details
Main Author: Sobel, Andrew Carl, 1953-
Corporate Author: ebrary, Inc
Format: eBook
Language:English
Published: Chicago ; London : University of Chicago Press, 2012.
Subjects:
Online Access:Connect to the full text of this electronic book

MARC

Tag First Indicator Second Indicator Subfields
LEADER 00000cam a2200000Ia 4500
001 in00002781567
006 m d
007 cr cn|||||||||
008 111115s2012 ilu ob 001 0 eng d
005 20250816223352.0
010 |z  2011047459 
020 |z 0226767590 (cloth : alkaline paper) 
020 |z 0226767604 (paperback : alkaline paper) 
020 |z 9780226767598 (cloth : alkaline paper) 
020 |z 9780226767604 (paperback. : alkaline paper) 
020 |z 9780226767611 
035 |a (CaPaEBR)ebr10588653 
040 |a CaPaEBR  |c CaPaEBR  |d UtOrBLW 
050 1 4 |a JZ1312  |b .S63 2012eb 
082 0 4 |a 327.101  |2 23 
100 1 |a Sobel, Andrew Carl,  |d 1953- 
245 1 0 |a Birth of hegemony :  |b crisis, financial revolution, and emerging global networks /  |c Andrew C. Sobel. 
264 1 |a Chicago ;  |a London :  |b University of Chicago Press,  |c 2012. 
300 |a 1 online resource (xii, 278 pages) 
336 |a text  |b txt  |2 rdacontent 
337 |a computer  |b c  |2 rdamedia 
338 |a online resource  |b cr  |2 rdacarrier 
504 |a Includes bibliographical references and index. 
500 |a Electronic resource. 
650 0 |a Hegemony. 
650 0 |a International relations. 
655 7 |a Electronic books.  |2 local 
710 2 |a ebrary, Inc. 
856 4 0 |u https://ebookcentral.proquest.com/lib/tamucs/detail.action?docID=990660  |y Connect to the full text of this electronic book  |t 0 
980 |a 120918  |b 90  |c USD  |e 90  |f YBP_EBR0000042581  |g 1 
999 f f |s 2a77f709-d985-38f5-aee8-d7e675319bbf  |i 284f8eac-e93d-3193-82ce-6f5dba58b0b3  |t 0 
999 |a MARS 
952 f f |a Texas A&M University  |b College Station  |c Electronic Resources  |d Available Online  |t 0  |e JZ1312 .S63 2012eb  |h Library of Congress classification 
998 f f |a JZ1312 .S63 2012eb  |t 0  |l Available Online